Τραπεζική οικονομοτεχνική επιθεώρηση
Saved in:
| Format: | Serial |
|---|---|
| Language: | Greek |
| Published: |
Αθήνα :
Γεώργιος Τρ. Μίρκος,
[19--]
|
| Subjects: | |
| Tags: |
Add Tag
No Tags, Be the first to tag this record!
|
MARC
| LEADER | 00000nas a2200000 i 4500 | ||
|---|---|---|---|
| 001 | 1/62048 | ||
| 008 | 041001c19 gr gre | ||
| 035 | |l 10074582 | ||
| 040 | |a GR-MY-UA |b gre |e aacr | ||
| 041 | 0 | |a gre | |
| 082 | 0 | |a 332.109495 |2 (21) | |
| 245 | 1 | 0 | |a Τραπεζική οικονομοτεχνική επιθεώρηση |h [περιοδικό] |
| 260 | |a Αθήνα : |b Γεώργιος Τρ. Μίρκος, |c [19--] | ||
| 300 | |a τ. : |b διαγ., πίν. ; |c 28 εκ. | ||
| 310 | |a Ακανόνιστο | ||
| 650 | 0 | 0 | |a Banks and banking |z Greece |x Periodicals. |
| 853 | |a INST |b CHIOS |c SER |h 332.109495 | ||
| 901 | |a BIBL2-2004-3 | ||
| 920 | |a ΔΩΡΕΑ ΒΙΒΛΙΟΘΗΚΗΣ |y ΧΙΟΣ |z 1989-09 | ||
| 970 | |a ΣΑΛΑΜΟΥΡΑ |b ΜΑΡΙΑ |z 2004/10/01 | ||